000
00378nam a22001697a 4500
003
MPLRDC
005
20220104123928.0
008
210129b ||||| |||| 00| 0 eng d
082
_a
802.88 MCE 1978
100
_a
不详
245
_a
友联文选
_c
250
_a
初版
260
_a
_b
友联出版社
_c
1977
300
_b
平
650
_a
942
_c
BK
_o
802.88 MCE 1978
999
_c
15294
_d
15284